Gaming Quiz

Random Gaming or World Quiz

Platformer Worlds Quiz Stats

 Plays Quiz not verified by Sporcle

Also try: Stratego Pieces
Challenge
Share
Tweet
Embed
Score 0/14 Timer 03:00
0 Plays Today
% Correct
Desert
100%
Volcano
100%
Snow
100%
Forest
75%
Cave
75%
Sea
50%
Haunted House
50%
% Correct
Carnival
50%
Toys
50%
Sweets
50%
Factory
50%
Outer Space
25%
Jurassic Park
25%
Casino
25%

You're not logged in!

Compare scores with friends on all Sporcle quizzes.
Join for Free
OR
Log In

You Might Also Like...

Show Comments

Extras

Top Quizzes Today


Score Distribution

Your Account Isn't Verified!

In order to create a playlist on Sporcle, you need to verify the email address you used during registration. Go to your Sporcle Settings to finish the process.

Report this User

Report this user for behavior that violates our Community Guidelines.

Details: